书目信息 |
| 题名: |
小学语文教学设计原理研究
|
|
| 作者: | 夏家发 主编 | |
| 分册: | ||
| 出版信息: | 北京 科学出版社 2012.07 |
|
| 页数: | 372页 | |
| 开本: | 28cm | |
| 丛书名: | ||
| 单 册: | ||
| 中图分类: | G623.202 | |
| 科图分类: | ||
| 主题词: | 教育--各级 | |
| 电子资源: | ||
| ISBN: | 7-03-034955-5 | |
| 000 | 00606nam0 2200193 450 | |
| 001 | 1355376885 | |
| 005 | 20131107152513.67 | |
| 010 | @a7-03-034955-5@dCNY44.00 | |
| 100 | @a20131107d2012 km y0chiy0120 ea | |
| 101 | 0 | @achi |
| 102 | @aCN@b110000 | |
| 200 | 1 | @a小学语文教学设计原理研究@Axiao xue yu wen jiao xue she ji yuan li yan jiu@f夏家发主编@Fxia jia fa zhu bian |
| 210 | @a北京@c科学出版社@d2012.07 | |
| 215 | @a372页@d28cm | |
| 606 | 0 | @a教育@x各级 |
| 690 | @aG623.202@v4 | |
| 701 | 0 | @a夏家发@Axia jia fa@4主编 |
| 801 | 0 | @aCN@b大连网信软件有限公司图书馆·11@c20131107 |
| 905 | @aZUCC@dG623.202@eX183 | |
| 小学语文教学设计原理研究/夏家发主编.-北京:科学出版社,2012.07 |
| 372页;28cm |
| ISBN 7-03-034955-5:CNY44.00 |
| ● |
| 相关链接 |
|
|
|
正题名:小学语文教学设计原理研究
索取号:G623.202/X183
 
预约/预借
| 序号 | 登录号 | 条形码 | 馆藏地/架位号 | 状态 | 备注 |
| 1 | 492186 | 204921861 | 社科库409/422社科库 53排2列3层/ [索取号:G623.202/X183] | 在馆 |